000 00848nam a2200205Ii 4500
003 JO-AjNU
008 230605s9999||||xx |||||||||||||| ||und||
040 _aJO-AjNU
_bara
_erda
_cJO-AjNU
041 _aara
050 1 4 _aDS35.7.G42 1995
100 3 _aغوانمة، يوسف حسن,
_eauthor
_941534
245 0 0 _aمعاهدات الصلح والسلام بين المسلمين والفرنج: خطاب جديد في العجز الاسلامي والعربي والمشروع النهضوي الغربي الوحدوي
250 _aط1
264 3 1 _aعمان: دار الفكر العربي، 1995
300 _a215ص
336 _atext
_btxt
_2rdacontent
337 _aunmediated
_bn
_2rdamedia
338 _avolume
_bnc
_2rdacarrier
650 4 _aالمسلمين والفرنج-تاريخ- معاهدات الصلح والسلام
_941535
999 _aA17715
_c21283
_d21283